000 00779nai a2200205Ia 4500
003 IN-BaIIA
008 211028c9999 xx s 000 0 eng d
022 _a0018-9367 (Print)
022 _a1557-962X (Online)
040 _cIIA Library
245 0 _aIEEE Transactions on Electrical Insulation
_h[eJournal]
260 _aNew York, USA
_bThe Institute of Electrical and Electronics Engineers, Inc. (IEEE)
310 _aBimonthly
362 _aEI-1(1); 1965 - 28(6); 1993
521 _bSubscribed through National Knowledge Resource Consortium (NKRC)
650 _a Engineered Materials, Dielectrics and Plasmas
650 _aFields, Waves and Electromagnetics
856 _uhttps://ieeexplore.ieee.org/servlet/opac?punumber=14
_yClick Here to Access eJournal
942 _cEJ
999 _c34661
_d34661